Indian Journal of Industrial Relations (Record no. 9743)

MARC details
000 -LEADER
fixed length control field 00366nam a22001217a 4500
003 - CONTROL NUMBER IDENTIFIER
control field OSt
008 - FIXED-LENGTH DATA ELEMENTS--GENERAL INFORMATION
fixed length control field 201211b ||||| |||| 00| 0 eng d
245 ## - TITLE STATEMENT
Title Indian Journal of Industrial Relations
250 ## - EDITION STATEMENT
Edition statement 2009( Apr Vol.44 No.4) 2010(Apr Vol.45 No.4) 2012(Apr Vol.47 No.4)
260 ## - PUBLICATION, DISTRIBUTION, ETC. (IMPRINT)
Place of publication, distribution, etc New Delhi
Name of publisher, distributor, etc Shri Ram Centre
650 ## - SUBJECT ADDED ENTRY--TOPICAL TERM
Topical term or geographic name as entry element Mechanical Engineering
942 ## - ADDED ENTRY ELEMENTS (KOHA)
Source of classification or shelving scheme Dewey Decimal Classification
Koha item type BOUND VOLUME
Holdings
Withdrawn status Lost status Source of classification or shelving scheme Materials specified (bound volume or other part) Damaged status Not for loan Collection code Home library Current library Date acquired Source of acquisition Serial Enumeration / chronologySerial Enumeration / Volume No. Total Checkouts Acc. no. / Barcode Date last seen Bill Date Koha item type
    Dewey Decimal Classification Bound Volume   Not For Loan B.Tech(ME) PIET C-LIBRARY PIET C-LIBRARY 11/12/2020 Shri Ram Centre 2009( Apr Vol.44 No.4) 2010(Apr Vol.45 No.4) 2012(Apr Vol.47 No.4)   BV414 11/12/2020 02/01/2009 BOUND VOLUME

Design & Developed by: PIET Central Library
R70 Miles Stone Pattikalyana Samalkha Panipat 132102
mail ID :- [email protected], Phone No:- 0180-2569700 Ex.216